000 01398cam a22004457a 4500
001 3797
003 FISKH
005 20240508142516.0
008 100901s2010 nyua 000 0 eng d
010 _a 2010459418
020 _a0756663067
020 _a9780756663063
035 _a(OCoLC)ocn655298692
040 _aB2A
_cB2A
_dDLC
_beng
042 _alccopycat
050 0 0 _aQ164
_b.B96 2010
082 0 0 _a507.8
_222
100 1 _aBurke, Lisa,
_d1977-
245 1 0 _aBackyard :
_bfun experiments for budding scientists /
_cLisa Burke.
246 1 4 _aI'm a scientist :
_bbackyard
246 3 0 _aIn the garden
246 3 0 _aMini scientist in the garden
246 1 _iAt head of title:
_aDK
260 _aNew York :
_bDK,
_cc2010.
300 _a23 pages :
_bcolor illustrations
_c25 cm
490 1 _aI'm a scientist
490 1 _aMini scientist
500 _aCover title.
500 _aWith fold-out flaps.
520 _a11 hands-on experiments that bring science to life, right in your own backyard.
650 0 _aScience
_xExperiments
_vJuvenile literature.
650 0 _aNature
_vJuvenile literature.
650 0 _aLift-the-flap books
_vSpecimens.
650 1 _aScience
_xExperiments.
650 1 _aNature.
655 1 _aLift-the-flap books.
800 1 _aBurke, Lisa,
_d1977-
_tI'm a scientist.
906 _a7
_bcbc
_ccopycat
_d2
_encip
_f20
_gy-gencatlg
942 _2ddc
_cBK
_n0
999 _c3797
_d3797